000 00598nam a2200193Ia 4500
005 20250508155829.0
008 008 250505s9999 xx 000 0 eng d
037 _aDissertations
040 _aFEDL
_beng
_cFEDL
041 _aeng
_2eng
084 _a371.425, RAT/DI
_qFEDL
100 _aRattanpal H C
_9767585
245 0 _aStudy of vocational interests of high school boys of kathua division (Jammu and Kashmir state)
260 _c1955
300 _a65p.
546 _aM.Ed. Dissertation (Delhi University)
942 _cDIS
_h371.425, RAT/DI
999 _c1359494
_d1359494